000 01441nam a2200277Ia 4500
999 _c55232
_d55232
001 22307
003 GE_BSU
005 20230309123428.0
008 181216s2015||||ge |||||||||||||| ||geo||
020 _a9789941109645
040 _cGE_BSU
041 _ageo
080 _a31:33(075.8) ხ-65
100 _aხმალაძე, მერაბ
_95071
245 _aსტატისტიკა ეკონომიკასა და ბიზნესში ნაწ. 2- ეკონომიკური სტატისტიკა :
_bუმაღლესი სასწ. სტუდენტებისა და მაგისტრანტებისათვის /
_cმერაბ ხმალაძე ; რედ. სიმონ გელაშვილი.
264 _aთბილისი,
_c2015.
300 _a447 გვ. ;
_c20 სმ.
504 _aბიბლიოგრაფია გვ. : 442-447
541 _h26 ლ.
653 _aბიზნესის სტატისტიკა
653 _aეკონომიკის სტატისტიკა
653 _aსტატისტიკა ეკონომიკასა და ბიზნესში ნაწ. 2
653 _aეკონომიკური სტატისტიკა
700 _aგელაშვილი, სიმონ
_eრედაქტორი
_95080
942 _cBK
_2udc